000 00249nam a22001217a 4500
008 180206b xxu||||| |||| 00| 0 eng d
041 _aeng
080 _a577
100 _a9
101 _abio
245 _abiochemistry
_cjohn.r.m
942 _2udc
_cBK
999 _c41925
_d41925